000
00287nam a22001337a 4500
008
181030b xxu||||| |||| 00| 0 eng d
020
_a
9780631175353
041
_a
eng
080
_a
038
100
_a
23
101
_a
FJA
245
_a
A Kant Dictionary
_c
Caygill, H
942
_2
udc
_c
BK
999
_c
51144
_d
51144